01022nam a2200253 a 4500001001000000003000500010005001700015008004100032010001100073011001100084040000900095100003500104245018600139260004100325500006000366502010900426650002800535650003500563650003300598650003100631650002000662856001600682856007000698000110951CHAP20220329144152.0141029s2014 mx a fsm |||||||spa d a107413 a108385 cCHAP1 aCastro Valdez, Diego Francisco10aEfectividad bilógica de formulados de Bacillus thuringiensis (Berliner) sobre gusano cogollero Spodoptera frugiperda (J.E. Smith)h[En línea]cpor Diego Francisco Castro Valdez. aChapingo, Méx. :bEl autor,c2014. aPara ver el contenido del material haga clic en la liga aTesis (Ing. Agr. Esp. en Parasitología Agrícola) -- UACH. Departamento de Parasitología Agrícola14aBacillus thuringiensis.14aControl biológico de plagas.14aGusano cogollero del maíz.14aInsecticidas biológicos.14aMaízxPlagas. a1 n0001476 aFinding aiduhttp://10.13.5.2/tesis/sist110951.pdfzTeclea aquí